[Event "Indische Dame Münster 1-SV Türme Biller"]
[Site "?"]
[Date "2023.09.02"]
[Round "1.3"]
[White "Stegemann, Sven"]
[Black "Kluczka, Konrad"]
[Result "0-1"]
[WhiteElo "1808"]
[BlackElo "1782"]
[PlyCount "90"]
[EventDate "2023.??.??"]
[SourceTitle "Verband Muensterland"]
[SourceDate "2023.10.23"]
[SourceVersion "1"]
[SourceVersionDate "2023.10.23"]
[SourceQuality "1"]
[WhiteTeam "Billerbeck"]
[BlackTeam "Muenster Indische Dame"]
[WhiteTeamCountry "GER"]
[BlackTeamCountry "GER"]

1. e4 e5 2. Nf3 Nc6 3. Bc4 Bc5 4. c3 Nf6 5. d3 d6 6. a4 a5 7. h3 h6 8. O-O g5
9. d4 Bb6 10. dxe5 Nxe5 11. Nxe5 dxe5 12. Qe2 g4 13. h4 Nh5 14. Be3 Qxh4 15.
Bxb6 cxb6 16. Qe3 Qf6 17. Bb5+ Kf8 18. Nd2 Be6 19. Rad1 Rd8 20. Qxb6 Kg7 21.
Bc4 Rxd2 22. Rxd2 Bxc4 23. Qxf6+ Nxf6 24. Re1 Re8 25. f3 Bb3 26. Ra1 h5 27. Ra3
Bc4 28. b3 Be6 29. b4 axb4 30. cxb4 Rc8 31. Rd6 g3 32. Kf1 Rc1+ 33. Ke2 Rc2+
34. Rd2 Bc4+ 35. Kd1 Rxd2+ 36. Kxd2 h4 37. Ra1 Kg6 38. Kc3 Be2 39. Re1 Bxf3 40.
gxf3 h3 41. a5 g2 42. Rg1 Kh7 43. b5 h2 44. Rxg2 h1=Q 45. Ra2 Qxf3+ 0-1

[Event "Indische Dame Münster 1-SV Türme Biller"]
[Site "?"]
[Date "2023.09.02"]
[Round "1.4"]
[White "Langheinrich, Joern"]
[Black "Stalz, Manfred"]
[Result "1-0"]
[WhiteElo "1814"]
[BlackElo "1742"]
[PlyCount "35"]
[EventDate "2023.??.??"]
[SourceTitle "Verband Muensterland"]
[SourceDate "2023.10.23"]
[SourceVersion "1"]
[SourceVersionDate "2023.10.23"]
[SourceQuality "1"]
[WhiteTeam "Muenster Indische Dame"]
[BlackTeam "Billerbeck"]
[WhiteTeamCountry "GER"]
[BlackTeamCountry "GER"]

1. e4 e6 2. d4 d5 3. Nc3 Bb4 4. a3 Bxc3+ 5. bxc3 dxe4 6. f3 Nf6 7. fxe4 e5 8.
Bd3 Nxe4 9. Qh5 Qd5 10. Nf3 Nf6 11. Qg5 O-O 12. Nxe5 h6 13. Qg3 Ne4 14. Qh4 Nf6
15. O-O Nbd7 16. Bxh6 Nxe5 17. Bxg7 Nxd3 18. Bxf6 1-0

[Event "Indische Dame Münster 1-SV Türme Biller"]
[Site "?"]
[Date "2023.09.02"]
[Round "1.5"]
[White "Bruins, Ludwig"]
[Black "Brambrink, Ulf"]
[Result "0-1"]
[WhiteElo "1673"]
[BlackElo "1853"]
[PlyCount "62"]
[EventDate "2023.??.??"]
[SourceTitle "Verband Muensterland"]
[SourceDate "2023.10.23"]
[SourceVersion "1"]
[SourceVersionDate "2023.10.23"]
[SourceQuality "1"]
[WhiteTeam "Billerbeck"]
[BlackTeam "Muenster Indische Dame"]
[WhiteTeamCountry "GER"]
[BlackTeamCountry "GER"]

1. c4 e5 2. Nc3 Nc6 3. g3 Bb4 4. Nd5 Bc5 5. a3 a5 6. Bg2 Nge7 7. Nc3 O-O 8. d3
d6 9. Nf3 f5 10. O-O h6 11. Be3 Bxe3 12. fxe3 Be6 13. b3 Qc8 14. d4 e4 15. Nd2
d5 16. cxd5 Nxd5 17. Nxd5 Bxd5 18. Rc1 Qe6 19. a4 Rf7 20. Nc4 Bxc4 21. bxc4 Nb4
22. d5 Qe8 23. Qb3 Rb8 24. Rfd1 Rf6 25. Kh1 Qe5 26. Rb1 Rb6 27. Qb2 Qe7 28. Qc3
Rd6 29. Bh3 g6 30. Qb3 h5 31. Qc3 c6 0-1

[Event "Indische Dame Münster 1-SV Türme Biller"]
[Site "?"]
[Date "2023.09.02"]
[Round "1.6"]
[White "Glotzbach, Thomas"]
[Black "Korschunow, Dennis"]
[Result "1/2-1/2"]
[WhiteElo "1753"]
[BlackElo "1550"]
[PlyCount "41"]
[EventDate "2023.??.??"]
[SourceTitle "Verband Muensterland"]
[SourceDate "2023.10.23"]
[SourceVersion "1"]
[SourceVersionDate "2023.10.23"]
[SourceQuality "1"]
[WhiteTeam "Muenster Indische Dame"]
[BlackTeam "Billerbeck"]
[WhiteTeamCountry "GER"]
[BlackTeamCountry "GER"]

1. e4 c6 2. d4 d5 3. e5 c5 4. c3 Nc6 5. Nf3 Bg4 6. Be2 e6 7. O-O Nge7 8. b3 Nf5
9. dxc5 Bxc5 10. b4 Bb6 11. Qa4 O-O 12. Bf4 Qc7 13. Nbd2 f6 14. b5 fxe5 15.
Nxe5 Nxe5 16. Bxg4 Qxc3 17. Rac1 Qd3 18. Bxe5 Qxd2 19. Rc2 Qg5 20. Re1 Rab8 21.
Rce2 1/2-1/2

[Event "Indische Dame Münster 1-SV Türme Biller"]
[Site "?"]
[Date "2023.09.02"]
[Round "1.7"]
[White "Bechtloff, Horst"]
[Black "Wichmann, Norbert"]
[Result "0-1"]
[WhiteElo "1482"]
[BlackElo "1701"]
[PlyCount "82"]
[EventDate "2023.??.??"]
[SourceTitle "Verband Muensterland"]
[SourceDate "2023.10.23"]
[SourceVersion "1"]
[SourceVersionDate "2023.10.23"]
[SourceQuality "1"]
[WhiteTeam "Billerbeck"]
[BlackTeam "Muenster Indische Dame"]
[WhiteTeamCountry "GER"]
[BlackTeamCountry "GER"]

1. d4 Nf6 2. Bf4 g6 3. e3 Bg7 4. Nf3 O-O 5. c4 d6 6. Nc3 Na6 7. a3 c5 8. Bd3 b6
9. O-O Bb7 10. h3 Nh5 11. Bh2 f5 12. d5 Nc7 13. e4 f4 14. g4 fxg3 15. fxg3 e5
16. Nh4 Qg5 17. Qe1 Bh6 18. Kh1 Qd2 19. Qxd2 Bxd2 20. Be2 Nf6 21. Bd3 Bc8 22.
g4 Bd7 23. Ne2 Ba4 24. Nf3 Be3 25. Bg1 Bd4 26. Nfxd4 cxd4 27. Rf3 Nd7 28. Rxf8+
Rxf8 29. b3 Bxb3 30. Nc1 Ba4 31. Kg2 Nc5 32. Bb1 Bd1 33. Kg3 Bf3 34. a4 Bxe4
35. Bxe4 Nxe4+ 36. Kg2 Nd2 37. a5 Nxc4 38. axb6 axb6 39. Ra4 b5 40. Ra5 Rb8 41.
Bf2 Nxd5 0-1

[Event "Indische Dame Münster 1-SV Türme Biller"]
[Site "?"]
[Date "2023.09.02"]
[Round "1.8"]
[White "Blume, Heidrun"]
[Black "Gruetzner, Lukas"]
[Result "1-0"]
[WhiteElo "1553"]
[BlackElo "1286"]
[PlyCount "33"]
[EventDate "2023.??.??"]
[SourceTitle "Verband Muensterland"]
[SourceDate "2023.10.23"]
[SourceVersion "1"]
[SourceVersionDate "2023.10.23"]
[SourceQuality "1"]
[WhiteTeam "Muenster Indische Dame"]
[BlackTeam "Billerbeck"]
[WhiteTeamCountry "GER"]
[BlackTeamCountry "GER"]

1. e4 e5 2. f4 d6 3. Nf3 exf4 4. d4 g6 5. Bxf4 Bg7 6. Bc4 Bg4 7. O-O Nf6 8. Bg5
Qd7 9. Qd3 O-O 10. e5 Ne8 11. Qe3 Nc6 12. Bh6 Bxh6 13. Qxh6 Bxf3 14. Rxf3 dxe5
15. Nd2 exd4 16. Raf1 Nd6 17. Rh3 1-0

[Event "SC Klein-Berlin Rheine 2-SF Stadtlohn 1"]
[Site "?"]
[Date "2023.09.02"]
[Round "1.1"]
[White "Mullink, Jochem"]
[Black "Hauk, Viktor"]
[Result "1/2-1/2"]
[WhiteElo "2152"]
[BlackElo "1867"]
[PlyCount "50"]
[EventDate "2023.??.??"]
[SourceTitle "Verband Muensterland"]
[SourceDate "2023.10.23"]
[SourceVersion "1"]
[SourceVersionDate "2023.10.23"]
[SourceQuality "1"]
[WhiteTeam "Stadtlohn"]
[BlackTeam "Rheine Klein Berlin II"]
[WhiteTeamCountry "GER"]
[BlackTeamCountry "GER"]

1. d4 Nf6 2. c4 e6 3. Nc3 d5 4. cxd5 exd5 5. Bg5 Be7 6. e3 O-O 7. Bd3 Re8 8.
Qc2 Nbd7 9. Nge2 c6 10. O-O Nf8 11. Rae1 Nh5 12. Bxe7 Qxe7 13. Nc1 Ng6 14. Qd1
Qg5 15. f4 Qh4 16. f5 Nf8 17. e4 dxe4 18. Nxe4 g6 19. fxg6 hxg6 20. Qf3 Be6 21.
Ne2 Rad8 22. N2g3 Nh7 23. Nxh5 Qxh5 24. Qxh5 gxh5 25. Ng3 Rxd4 1/2-1/2

[Event "SC Klein-Berlin Rheine 2-SF Stadtlohn 1"]
[Site "?"]
[Date "2023.09.02"]
[Round "1.2"]
[White "Hemmert, Michael"]
[Black "Kloster, Josef"]
[Result "0-1"]
[WhiteElo "2032"]
[BlackElo "2141"]
[PlyCount "34"]
[EventDate "2023.??.??"]
[SourceTitle "Verband Muensterland"]
[SourceDate "2023.10.23"]
[SourceVersion "1"]
[SourceVersionDate "2023.10.23"]
[SourceQuality "1"]
[WhiteTeam "Rheine Klein Berlin II"]
[BlackTeam "Stadtlohn"]
[WhiteTeamCountry "GER"]
[BlackTeamCountry "GER"]

1. d4 Nf6 2. Nf3 d5 3. Bf4 c5 4. e3 Qb6 5. Qc1 Nc6 6. dxc5 Qxc5 7. c3 Bf5 8.
Nbd2 Qb6 9. Nd4 Nxd4 10. cxd4 Rc8 11. Qd1 e5 12. dxe5 Rc2 13. Rc1 Qxb2 14. Rxc2
Bxc2 15. Bb5+ Kd8 16. exf6 Bxd1 17. fxg7 Bxg7 0-1

[Event "SC Klein-Berlin Rheine 2-SF Stadtlohn 1"]
[Site "?"]
[Date "2023.09.02"]
[Round "1.3"]
[White "Krosenbrink, Marcel"]
[Black "Horstmann, Michael"]
[Result "1/2-1/2"]
[WhiteElo "1880"]
[BlackElo "1847"]
[PlyCount "89"]
[EventDate "2023.??.??"]
[SourceTitle "Verband Muensterland"]
[SourceDate "2023.10.23"]
[SourceVersion "1"]
[SourceVersionDate "2023.10.23"]
[SourceQuality "1"]
[WhiteTeam "Stadtlohn"]
[BlackTeam "Rheine Klein Berlin II"]
[WhiteTeamCountry "GER"]
[BlackTeamCountry "GER"]

1. e4 d5 2. exd5 Qxd5 3. Nc3 Qa5 4. Nf3 Nf6 5. Bc4 Bg4 6. d4 e6 7. Bd2 Qf5 8.
Bb5+ c6 9. Be2 Be7 10. h3 Bxf3 11. Bxf3 Na6 12. Ne2 Bd6 13. c3 O-O 14. Qb1
Qxb1+ 15. Rxb1 Rfe8 16. O-O Rad8 17. Bg5 Be7 18. b4 Nc7 19. a4 a6 20. c4 h6 21.
Be3 Rb8 22. Rfc1 Nd7 23. Bf4 e5 24. dxe5 Bg5 25. e6 Nxe6 26. Bxb8 Bxc1 27. Bg3
Bg5 28. b5 cxb5 29. axb5 Ndc5 30. Nc3 a5 31. Nd5 Nd4 32. Bg4 Ne2+ 33. Bxe2 Rxe2
34. h4 Bf6 35. Nxf6+ gxf6 36. Ra1 Rc2 37. Rxa5 Rxc4 38. Bd6 Ne4 39. Be7 Rc1+
40. Kh2 Kg7 41. f3 Nc3 42. b6 Rb1 43. Bd8 Nb5 44. Ra8 Nd4 45. Bc7 1/2-1/2

[Event "SC Klein-Berlin Rheine 2-SF Stadtlohn 1"]
[Site "?"]
[Date "2023.09.02"]
[Round "1.4"]
[White "Miethe, Christoph"]
[Black "Te Sligte, Bert"]
[Result "0-1"]
[WhiteElo "1855"]
[BlackElo "1771"]
[PlyCount "120"]
[EventDate "2023.??.??"]
[SourceTitle "Verband Muensterland"]
[SourceDate "2023.10.23"]
[SourceVersion "1"]
[SourceVersionDate "2023.10.23"]
[SourceQuality "1"]
[WhiteTeam "Rheine Klein Berlin II"]
[BlackTeam "Stadtlohn"]
[WhiteTeamCountry "GER"]
[BlackTeamCountry "GER"]

1. e4 e5 2. Nf3 Nc6 3. Bc4 Nf6 4. d4 exd4 5. O-O Bc5 6. e5 d5 7. exf6 dxc4 8.
fxg7 Rg8 9. Re1+ Be6 10. Bg5 Qd5 11. Nc3 Qf5 12. Nb5 Bb6 13. Na3 f6 14. Qe2 Kf7
15. Bh6 Rae8 16. Nxc4 d3 17. Qxd3 Qxd3 18. cxd3 Nb4 19. Re2 Nxd3 20. Nxb6 axb6
21. Rd1 Nb4 22. a3 Nd5 23. Rde1 c5 24. h3 Nc7 25. Kh2 Re7 26. Bf4 Nd5 27. Bd6
Ree8 28. Bf8 Nf4 29. Re3 Ng6 30. g4 Nxf8 31. gxf8=Q+ Rgxf8 32. g5 Bd7 33. h4
Rxe3 34. Rxe3 Bc6 35. Kg3 Rd8 36. gxf6 Kxf6 37. Ne5 Rg8+ 38. Kf4 Rg2 39. Ng4+
Kf7 40. Rg3 Rxg3 41. fxg3 Ke6 42. Ne5 Be8 43. g4 b5 44. b3 Kd5 45. Nf3 c4 46.
bxc4+ bxc4 47. Ke3 Bg6 48. h5 Bb1 49. g5 c3 50. Nh4 Kc4 51. g6 hxg6 52. Nxg6
Kb3 53. Nf4 Bf5 54. h6 c2 55. Ne2 Kxa3 56. Kd2 Kb2 57. Nc1 b5 58. Ne2 b4 59.
Nc1 b3 60. Ne2 Ka1 0-1

[Event "SC Klein-Berlin Rheine 2-SF Stadtlohn 1"]
[Site "?"]
[Date "2023.09.02"]
[Round "1.5"]
[White "Busswolder, Peter"]
[Black "Winter, Reinhold"]
[Result "1/2-1/2"]
[WhiteElo "1774"]
[BlackElo "1740"]
[PlyCount "71"]
[EventDate "2023.??.??"]
[SourceTitle "Verband Muensterland"]
[SourceDate "2023.10.23"]
[SourceVersion "1"]
[SourceVersionDate "2023.10.23"]
[SourceQuality "1"]
[WhiteTeam "Stadtlohn"]
[BlackTeam "Rheine Klein Berlin II"]
[WhiteTeamCountry "GER"]
[BlackTeamCountry "GER"]

1. d4 d5 2. c4 e6 3. Nc3 Nf6 4. Nf3 c6 5. Bg5 Be7 6. e3 Nbd7 7. Rb1 dxc4 8.
Bxc4 Nd5 9. Bxe7 Qxe7 10. O-O O-O 11. e4 Nxc3 12. bxc3 b5 13. Bd3 g6 14. Qc1
Kg7 15. Ng5 f6 16. Nh3 a6 17. f4 c5 18. Qa3 Re8 19. Rfc1 c4 20. Qxe7+ Rxe7 21.
Be2 e5 22. fxe5 fxe5 23. Nf2 exd4 24. cxd4 Nf6 25. Bf3 Bb7 26. e5 Nd5 27. a4
Nf4 28. Bxb7 Rxb7 29. Rxc4 Rd7 30. axb5 axb5 31. Rcb4 Ne2+ 32. Kf1 Nxd4 33. Rd1
Rad8 34. e6 Nxe6 35. Rxd7+ Rxd7 36. Rxb5 1/2-1/2

[Event "SC Klein-Berlin Rheine 2-SF Stadtlohn 1"]
[Site "?"]
[Date "2023.09.02"]
[Round "1.6"]
[White "Pohlmeier, Ulrich"]
[Black "Kloster, Daniel"]
[Result "1/2-1/2"]
[WhiteElo "1609"]
[BlackElo "1756"]
[PlyCount "105"]
[EventDate "2023.??.??"]
[SourceTitle "Verband Muensterland"]
[SourceDate "2023.10.23"]
[SourceVersion "1"]
[SourceVersionDate "2023.10.23"]
[SourceQuality "1"]
[WhiteTeam "Rheine Klein Berlin II"]
[BlackTeam "Stadtlohn"]
[WhiteTeamCountry "GER"]
[BlackTeamCountry "GER"]

1. d4 e6 2. c4 d5 3. g3 Nf6 4. Nf3 c6 5. Qc2 Bb4+ 6. Bd2 Qa5 7. a3 Bxd2+ 8.
Nbxd2 O-O 9. b4 Qc7 10. Bg2 Nbd7 11. O-O Nb6 12. c5 Nbd7 13. Rfe1 e5 14. dxe5
Nxe5 15. Nd4 Bd7 16. e4 dxe4 17. Nxe4 Nxe4 18. Bxe4 h6 19. Bh7+ Kh8 20. Bf5
Bxf5 21. Qxf5 Ng6 22. Re4 Rad8 23. Rae1 Rd5 24. Qf3 Qd7 25. Nb3 Rd3 26. R4e3
Rxe3 27. Qxe3 Rd8 28. Na5 Nf8 29. Nc4 Ne6 30. Nd6 Kg8 31. Kg2 b6 32. Rd1 Qc7
33. Rd2 bxc5 34. bxc5 Qa5 35. Rc2 Qa4 36. Qf3 Qxc2 37. Qxf7+ Kh7 38. Qxe6 Rf8
39. Ne4 Qd3 40. Qxc6 Qxa3 41. Qd5 Qf3+ 42. Kf1 Qh1+ 43. Ke2 Re8 44. Ke3 a5 45.
c6 a4 46. f3 Qe1+ 47. Kd4 Qb4+ 48. Kd3 Qb1+ 49. Kc4 Qb3+ 50. Kc5 Qe3+ 51. Kc4
Qb3+ 52. Kc5 Qa3+ 53. Kc4 1/2-1/2

[Event "SC Klein-Berlin Rheine 2-SF Stadtlohn 1"]
[Site "?"]
[Date "2023.09.02"]
[Round "1.7"]
[White "Kloster, Elisabeth"]
[Black "Huesmann, Stephan"]
[Result "1-0"]
[WhiteElo "1844"]
[BlackElo "1657"]
[PlyCount "87"]
[EventDate "2023.??.??"]
[SourceTitle "Verband Muensterland"]
[SourceDate "2023.10.23"]
[SourceVersion "1"]
[SourceVersionDate "2023.10.23"]
[SourceQuality "1"]
[WhiteTeam "Stadtlohn"]
[BlackTeam "Rheine Klein Berlin II"]
[WhiteTeamCountry "GER"]
[BlackTeamCountry "GER"]

1. e4 e6 2. d4 d5 3. exd5 exd5 4. Bd3 Nf6 5. Nf3 Be7 6. Bf4 O-O 7. c3 Re8 8.
O-O Bg4 9. Nbd2 Nbd7 10. Qc2 c5 11. h3 Bxf3 12. Nxf3 cxd4 13. Nxd4 a6 14. Rfe1
Rc8 15. Qd2 Nc5 16. Bf5 Nce4 17. Qe2 Rc4 18. Rad1 Bc5 19. Be3 g6 20. Bxe4 Rxe4
21. Qf3 Qd6 22. Nb3 Bxe3 23. Rxe3 Rf4 24. Qe2 Rce4 25. Nd2 Rxe3 26. Qxe3 d4 27.
Qd3 Qc5 28. Nb3 Qb6 29. cxd4 Ne4 30. Rf1 Qf6 31. Qe2 Nd6 32. Qc2 Nb5 33. g3
Nxd4 34. Qc8+ Kg7 35. gxf4 Nf3+ 36. Kg2 Nh4+ 37. Kh1 Qxb2 38. Qc1 Qe2 39. Qc3+
Kh6 40. Rg1 Qe4+ 41. Kh2 Nf3+ 42. Kg2 Nh4+ 43. Kf1 Nf3 44. Rg3 1-0

[Event "SC Klein-Berlin Rheine 2-SF Stadtlohn 1"]
[Site "?"]
[Date "2023.09.02"]
[Round "1.8"]
[White "Koesters, Michael"]
[Black "Hoetzel, Michael"]
[Result "1-0"]
[WhiteElo "1445"]
[BlackElo "1587"]
[PlyCount "37"]
[EventDate "2023.??.??"]
[SourceTitle "Verband Muensterland"]
[SourceDate "2023.10.23"]
[SourceVersion "1"]
[SourceVersionDate "2023.10.23"]
[SourceQuality "1"]
[WhiteTeam "Rheine Klein Berlin II"]
[BlackTeam "Stadtlohn"]
[WhiteTeamCountry "GER"]
[BlackTeamCountry "GER"]

1. d4 Nf6 2. Nf3 e6 3. c3 c5 4. Bf4 Qb6 5. b3 Nh5 6. Bg3 Nxg3 7. hxg3 g6 8. e3
Bg7 9. Na3 Qa5 10. Qc1 d5 11. Be2 Nd7 12. Rb1 a6 13. b4 cxb4 14. cxb4 Qd8 15.
O-O b5 16. Qc6 Rb8 17. Rfc1 O-O 18. Qd6 Nb6 19. Qxb8 1-0